| 000 | 00479nam a2200145 4500 | ||
|---|---|---|---|
| 001 | 148562 | ||
| 003 | ES-MaACL | ||
| 007 | t| | ||
| 008 | 070214s1943 sp r ||||1| spa d | ||
| 100 | 1 |
_aStroud, William D. _9108460 |
|
| 245 | 1 | 0 |
_aDiagnóstico y tratamiento de las enfermedades cardio-vasculares / _cpor el Dr. William D. Stroud. |
| 260 |
_aBarcelona : _bSalvat, _c1943 ( _fImp. Hispano-Americana) |
||
| 300 |
_a2 v. : _bil. ; _c26 cm. |
||
| 852 |
_aES-MaACL _jE-99-100 _bR.20528 |
||
| 999 |
_c148562 _d148562 |
||